00567 2200193 4500001002100000008004100021035001900062245009900081100001600180250001000196260003700206300003000243020002100273084001300294082000700307650002500314990001700339990001700356INLIS000000000016413 Ind $a 0010-0525000076$a Jelajah jawa timur bumi para wali : $b Exploring east java land of the saints / $c Pipiet Senja$a Pipiet Senja$a Cet. 1$a Jakarta Timur: $b Luxima $c 2024 $a iv, 44 hlm. ; $c 19x23 cm.$a 978-602-268-602-6$a 910 Pip j$a 910$a GEOGRAFI & PERJALANAN$a 35255/Bt/2024$a 35256/Bt/2024